000 00356cam a2200145ua 4500
041 _aeng
_h
082 _a823.308
_bWOL/MO
100 _aWolstenholme, C A .
245 _aMonkey tricks /
_cC A Wolstenholme.
_hTextual Documents
260 _a :
_bE J Arnold and sons ltd ,
_c1962.
300 _a96 ; .
504 _a
942 _cBK
999 _c4154
_d4154